Možnosti podnikania firiem v energetickom priemysle diplomová práca

Gespeichert in:
Bibliographische Detailangaben
1. Verfasser: Šalkovič, Peter
Körperschaft: Fakulta podnikového manažmentu EU. Katedra podnikových financií
Weitere Verfasser: Bikár, Miloš, 1973-
Format: Buch
Sprache:Slowakisch
Veröffentlicht: Bratislava 2008
Tags: Tag hinzufügen
Keine Tags, Fügen Sie das erste Tag hinzu!

MARC

LEADER 00000nam$a2200000$$$4500
001 0089005
005 20240201115705.1
041 0 |a slo 
044 |a SK 
245 1 0 |a Možnosti podnikania firiem v energetickom priemysle  |b diplomová práca  |c Peter Šalkovič ; škol. Miloš Bikár 
264 1 |a Bratislava  |c 2008 
300 |a 79 s. 
100 1 |a Šalkovič, Peter 
700 1 |a Bikár, Miloš, 1973- 
710 2 |a Fakulta podnikového manažmentu EU. Katedra podnikových financií